El Plan de Ayala. (Record no. 12157)
[ view plain ]
| 000 -CABECERA | |
|---|---|
| campo de control de longitud fija | 00993nam a2200277 4500 |
| 003 - IDENTIFICADOR DEL NÚMERO DE CONTROL | |
| campo de control | OSt |
| 005 - FECHA Y HORA DE LA ÚLTIMA TRANSACCIÓN | |
| campo de control | 20260530113912.0 |
| 008 - DATOS DE LONGITUD FIJA--INFORMACIÓN GENERAL | |
| campo de control de longitud fija | 260505b2019 mx |||| |||| 00| 0 spa d |
| 040 ## - FUENTE DE LA CATALOGACIÓN | |
| Centro catalogador/agencia de origen | ICI |
| Lengua de catalogación | spa |
| Centro/agencia transcriptor | ICI |
| Normas de descripción | rda |
| 041 ## - CÓDIGO DE LENGUA | |
| Código de lengua del texto/banda sonora o título independiente | spa |
| 050 ## - SIGNATURA TOPOGRÁFICA DE LA BIBLIOTECA DEL CONGRESO | |
| Número de clasificación | F1234 |
| Número de documento/Ítem | P532019 |
| 245 ## - MENCIÓN DE TÍTULO | |
| Título | El Plan de Ayala. |
| 264 ## - PRODUCCIÓN, PUBLICACIÓN, DISTRIBUCIÓN, FABRICACIÓN Y COPYRIGHT | |
| Producción, publicación, distribución, fabricación y copyright | México : |
| Fecha de producción, publicación, distribución, fabricación o copyright | 2019 |
| 300 ## - DESCRIPCIÓN FÍSICA | |
| Extensión | 41 páginas |
| 336 ## - TIPO DE CONTENIDO | |
| Fuente | rdacontent |
| Término de tipo de contenido | texto |
| 337 ## - TIPO DE MEDIO | |
| Fuente | rdamedia |
| Nombre/término del tipo de medio | sin medio |
| 338 ## - TIPO DE SOPORTE | |
| Fuente | rdacarrier |
| Nombre/término del tipo de soporte | volumen |
| 520 ## - SUMARIO, ETC. | |
| Sumario, etc. | Análisis del Plan de Ayala como documento clave de la Revolución Mexicana, centrado en la reforma agraria y las demandas sociales campesinas. |
| 650 ## - PUNTO DE ACCESO ADICIONAL DE MATERIA--TÉRMINO DE MATERIA | |
| Término de materia o nombre geográfico como elemento de entrada | Plan de Ayala |
| Subdivisión general | Historia. |
| 9 (RLIN) | 33523 |
| 650 ## - PUNTO DE ACCESO ADICIONAL DE MATERIA--TÉRMINO DE MATERIA | |
| Término de materia o nombre geográfico como elemento de entrada | Revolución Mexicana, 1910-1917 |
| Subdivisión general | Fuentes. |
| 9 (RLIN) | 33524 |
| 650 ## - PUNTO DE ACCESO ADICIONAL DE MATERIA--TÉRMINO DE MATERIA | |
| Término de materia o nombre geográfico como elemento de entrada | Reforma agraria |
| Subdivisión general | Historia. |
| Subdivisión geográfica | México |
| 9 (RLIN) | 33525 |
| 650 ## - PUNTO DE ACCESO ADICIONAL DE MATERIA--TÉRMINO DE MATERIA | |
| Término de materia o nombre geográfico como elemento de entrada | Campesinos |
| Subdivisión general | Movimientos sociales. |
| Subdivisión geográfica | México |
| 9 (RLIN) | 33526 |
| 650 ## - PUNTO DE ACCESO ADICIONAL DE MATERIA--TÉRMINO DE MATERIA | |
| Término de materia o nombre geográfico como elemento de entrada | Justicia social |
| Subdivisión general | Historia |
| Subdivisión geográfica | México |
| 9 (RLIN) | 33527 |
| 650 ## - PUNTO DE ACCESO ADICIONAL DE MATERIA--TÉRMINO DE MATERIA | |
| Término de materia o nombre geográfico como elemento de entrada | México |
| Subdivisión general | Historia |
| Subdivisión cronológica | Revolución, 1910-1917 |
| 9 (RLIN) | 33528 |
| 942 ## - ELEMENTOS DE PUNTO DE ACCESO ADICIONAL (KOHA) | |
| Fuente del sistema de clasificación o colocación | Library of Congress Classification |
| Suprimir en OPAC | 1 |
| Tipo de ítem Koha | |
No items available.